header

Keeping balance (Record no. 151602)

MARC details
000 -LEADER
fixed length control field 01251nam a2200325 a 4500
100 1# - MAIN ENTRY--AUTHOR NAME
Personal name Abad, Diana.
245 10 - TITLE STATEMENT
Title Keeping balance
260 ## - PUBLICATION, DISTRIBUTION, ETC. (IMPRINT)
Place of publication Frankfurt :
Name of publisher Ontos Verlag,
Year of publication 2007.
300 ## - PHYSICAL DESCRIPTION
Number of Pages 202 p.
490 1# - SERIES STATEMENT
Series statement Practical philosophy ;
505 0# - FORMATTED CONTENTS NOTE
Formatted contents note pt. 1. Desert -- pt. 2. Propriety -- pt. 3. Applications.
650 #0 - SUBJECT ADDED ENTRY--TOPICAL TERM
Topical Term Merit (Ethics)
856 40 - ELECTRONIC LOCATION AND ACCESS
Uniform Resource Identifier http://site.ebrary.com/lib/rucke/Doc?id=10728850

No items available.

© 2026 Rongo University
Contact us: librarian | system librarian | Rongo university